[Event "TUR Cup"]
[Site "Antalya"]
[Date "2020.02.02"]
[Round "11"]
[White "Bayramiclilar, Yusuf Ruzgar"]
[Black "Hazinedaroglu, Gokay"]
[Result "1/2-1/2"]
[WhiteElo "1331"]
[BlackElo "1510"]
[PlyCount "82"]
[EventDate "2020.01.26"]
[EventType "swiss"]
[EventRounds "11"]
[EventCountry "TUR"]
[SourceTitle "CBM 194 Extra"]
[Source "ChessBase"]
[SourceDate "2020.03.31"]
[SourceVersion "1"]
[SourceVersionDate "2020.03.31"]
[SourceQuality "1"]

1. d4 Nf6 2. c4 c5 3. d5 e6 4. Nc3 exd5 5. Nxd5 d6 6. Bg5 Nbd7 7. Nf3 h6 8. Nxf6+ Nxf6 9. Bd2 Ne4 10. e3 Nxd2 11. Qxd2 Be6 12. Be2 Be7 13. Rd1 Qb6 14. 0-0 Rd8 15. Qc2 Bf6 16. b3 0-0 17. Nd2 d5 18. cxd5 Bxd5 19. Bc4 Qc6 20. Bxd5 Rxd5 21. Ne4 Rfd8 22. Nxf6+ Qxf6 23. Rxd5 Rxd5 24. Qe4 Qd6 25. Qe8+ Qf8 26. Qb5 b6 27. Qc6 Qd6 28. Qa8+ Kh7 29. Qxa7 Rd2 30. a4 Qe6 31. a5 bxa5 32. Qxa5 Rb2 33. Qxc5 Rxb3 34. Qc2+ g6 35. Rd1 Rb6 36. h3 Rd6 37. Rc1 Qf6 38. Qa2 Kg7 39. Qa1 Ra6 40. Qb1 Rb6 41. Qd3 Rb2 1/2-1/2

[Event "TUR Cup"]
[Site "Antalya"]
[Date "2020.01.31"]
[Round "9"]
[White "Kalender, Murat Emre"]
[Black "Hazinedaroglu, Gokay"]
[Result "1/2-1/2"]
[WhiteElo "1618"]
[BlackElo "1510"]
[PlyCount "33"]
[EventDate "2020.01.26"]
[EventType "swiss"]
[EventRounds "11"]
[EventCountry "TUR"]
[SourceTitle "CBM 194 Extra"]
[Source "ChessBase"]
[SourceDate "2020.03.31"]
[SourceVersion "1"]
[SourceVersionDate "2020.03.31"]
[SourceQuality "1"]

1. d4 Nf6 2. Bf4 g6 3. Nc3 Bg7 4. e4 d6 5. Qd2 Nh5 6. Bh6 Nc6 7. d5 Ne5 8. Be2 Ng4 9. Bxg4 Bxg4 10. h3 Bd7 11. g4 Bxh6 12. Qxh6 Nf6 13. Nf3 e5 14. 0-0-0 Qe7 15. Qe3 h5 16. Nd2 b6 17. f3 1/2-1/2